Statistics for Brittany Murphy Filmography

Click here to take the quiz!

General Stats

  • This quiz has been taken 20 times
    (12 since last reset)
  • The average score is 17 of 76

Answer Stats

TypeYearName% Correct
Film20028 Mile
78%
Video Game2006Happy Feet
78%
Film2006Happy Feet
78%
Film1995Clueless
67%
TV Show1996Clueless
67%
Film2005Sin City
67%
Film1999Drop Dead Gorgeous
56%
Film2004Little Black Book
56%
Film2008The Ramen Girl
56%
Film2003Uptown Girls
56%
Film1999Girl, Interrupted
44%
Video Game2000King of the Hill
44%
TV Show1997-2009King of the Hill
44%
TV Show2002Saturday Night Live
44%
TV Show1994Frasier
33%
Film2008Futurama: The Beast with a Billion Backs
33%
Film2003Just Married
33%
Film2001Riding in Cars with Boys
33%
Film2010Abandoned
22%
TV Show1993Almost Home
22%
Film1997Bongwater
22%
Film2009Deadline
22%
Film2001Don't Say a Word
22%
Film1997Drive
22%
Film1993Family Prayers
22%
Film1996Freeway
22%
Film2006Love and Other Disasters
22%
TV Film2009MegaFault
22%
Film1998Phoenix
22%
Film2014Something Wicked
22%
Film2002Spun
22%
TV Film1999The Devil's Arithmetic
22%
Film2006The Groomsmen
22%
TV Film2009Tribute
22%
Film2000Trixie
22%
Film2009Across the Hall
11%
Short Film2004A Fatal Desire
11%
Music Video2001A Little Respect
11%
Film2000Angels!
11%
TV Show1993Blossom
11%
TV Show1995Boy Meets World
11%
Film2000Cherry Falls
11%
Music Video2004Closest Thing to Heaven
11%
TV Film2000Common Ground
11%
TV Film1998David and Lisa
11%
TV Film1996Double Jeopardy
11%
TV Show1991-1992Drexell's Class
11%
Film1998Falling Sky
11%
Music Video2006Faster Kill Pussycat
11%
Film2003Good Boy!
11%
Music Video1995Here
11%
TV Documentary2005I'm Still Here: Real Diaries of People Who Lived During the Holocaust
11%
TV Show1992Kids Incorporated
11%
Video Game2006Marc Eckō's Getting Up: Contents Under Pressure
11%
TV Show1995Murder One
11%
TV Show1991Murphy Brown
11%
TV Show1996Nash Bridges
11%
Film2005Neverwas
11%
TV Show1992Parker Lewis Can't Lose
11%
TV Show1994Party of Five
11%
TV Show1998, 2000Pepper Ann
11%
TV Show1995seaQuest DSV
11%
Film2001Sidewalks of New York
11%
TV Show1994-1995Sister, Sister
11%
Film2002Something in Between
11%
Film2001Summer Catch
11%
Short Film2000The Audition
11%
Film2006The Dead Girl
11%
TV Show1995The Marshal
11%
Film1998The Prophecy II
11%
Film1998Zack and Reba
11%
Theater1997-1998A View from the Bridge
0%
Short Documentary2005Because of the Wonderful Things It Does: The Legacy of Oz
0%
Video Game1995My First Encyclopedia
0%
TV Show2003Punk'd
0%
Documentary Mini-Series2021What Happened, Brittany Murphy?
0%

Score Distribution

Percentile by Number Answered

Percent of People with Each Score

Your Score History

You have not taken this quiz since the last reset